Focus on sustainable communities summit (Record no. 75064)
[ view plain ]
| 000 -LEADER | |
|---|---|
| fixed length control field | 01272cab a2200217 4500 |
| 001 - CONTROL NUMBER | |
| control field | ##L129320 |
| 008 - FIXED-LENGTH DATA ELEMENTS--GENERAL INFORMATION | |
| fixed length control field | 050412n2005 000 0 eng u |
| 035 ## - SYSTEM CONTROL NUMBER | |
| System control number | (Sirsi) u129320 |
| 041 0# - LANGUAGE CODE | |
| Language code of text/sound track or separate title | eng |
| 100 1# - MAIN ENTRY--PERSONAL NAME | |
| Personal name | Lilly, Stewart |
| 245 00 - TITLE STATEMENT | |
| Title | Focus on sustainable communities summit |
| 260 ## - PUBLICATION, DISTRIBUTION, ETC. | |
| Date of publication, distribution, etc. | 2005 |
| 490 #0 - SERIES STATEMENT | |
| Series statement | Estate Agent |
| Volume/sequential designation | April 2005, 9(1) |
| 520 ## - SUMMARY, ETC. | |
| Summary, etc. | Reports on the key issues arising from the "Delivering sustainable communities" summit held in Manchester from 31 January 2005 to 2 February 2005, bringing together nearly 2000 experts from the UK and overseas to discuss sustainable communities. Gives a critical view of the government affordable housing challenge to get house builders to construct well designed, environmentally efficient houses for £60 000 and argues the case that not enough land is being made available under the current system to alleviate housing supply deficits. |
| 590 ## - LOCAL NOTE (RLIN) | |
| Local note | IKA150405 |
| 650 24 - SUBJECT ADDED ENTRY--TOPICAL TERM | |
| Topical term or geographic name entry element | DCLG DESIGN FOR MANUFACTURE COMPETITION |
| 651 #4 - SUBJECT ADDED ENTRY--GEOGRAPHIC NAME | |
| Geographic name | England |
| Chronological subdivision | 886- |
| 690 ## - LOCAL SUBJECT ADDED ENTRY--TOPICAL TERM (OCLC, RLIN) | |
| Topical term or geographic name as entry element | ENVIRONMENTAL AND LAND CONSULTANCY-SUSTAINABILITY-SUSTAINABLE DEVELOPMENT |
| 856 48 - ELECTRONIC LOCATION AND ACCESS | |
| Uniform Resource Identifier | <a href="https://www.communities.gov.uk/documents/communities/pdf/153044.pdf">https://www.communities.gov.uk/documents/communities/pdf/153044.pdf</a> |
| Public note | View the summit report back documents free of charge at www.dclg.gov.uk... |
| 942 ## - ADDED ENTRY ELEMENTS (KOHA) | |
| Suppress in OPAC | 0 |
| Withdrawn status | Lost status | Source of classification or shelving scheme | Damaged status | Not for loan | Home library | Current library | Shelving location | Date acquired | Total Checkouts | Full call number | Barcode | Date last seen | Copy number | Price effective from | Koha item type |
|---|---|---|---|---|---|---|---|---|---|---|---|---|---|---|---|
| Dewey Decimal Classification | London | London | Journal article | 12/04/2005 | L129320 | 129320-1001 | 06/08/2019 | 1 | 06/08/2019 | Journal article |